000
00248nam a2200109Ia 4500
008
220204s9999 xx 000 0 und d
082
_a
82-3
_b
GAY
100
_a
Gayle, Pamela
245
0
_a
Vallamont
260
_a
New York
_b
Pocket
_c
1979
942
_c
BK
999
_c
32132
_d
32132